| 000 | 00718nam a2200217 a 4500 | ||
|---|---|---|---|
| 001 | 2461 | ||
| 005 | 20140414131932.0 | ||
| 008 | 040601s19uu xx 00 eng d | ||
| 020 | _a0-394-84551-X | ||
| 050 |
_aREF 031 _bSch8 1980 |
||
| 100 | _aSchulz, Charles | ||
| 245 |
_aCharlie Brown's 'Cyclopedia, v.2 : _bfeaturing all kinds of animals from fish to frogs. |
||
| 260 |
_aNew York : _bFunk and Wagnalls, _c1980. |
||
| 300 | _a96 p. : ill. ; cm. | ||
| 440 | _aCharlie Brown's 'Cyclopedias | ||
| 500 | _a"Based on the Charles M. Schulz Characters"--Snoopy | ||
| 520 | _aSuper Questions and answers and amazing facts | ||
| 650 | _aCyclopedias. | ||
| 650 |
_aAnimals _xJuvenile literature. |
||
| 999 |
_c112267 _d112267 |
||